000 00329nam a22001457a 4500
008 210519b ||||| |||| 00| 0 eng d
020 _a9780023133718
041 _aeng
080 _211th
_a574
082 _a574
100 _a9
101 _aMJE
245 _aThe Nature and Properties of Soils
_cBrady,N.C
942 _2udc
_cBK
999 _c57511
_d57511